| 000 | 00445 a2200181 4500 | ||
|---|---|---|---|
| 003 | OSt | ||
| 005 | 20180116182707.0 | ||
| 008 | 160830b xxu||||| |||| 00| 0 eng d | ||
| 040 | _c0 | ||
| 082 | _a973.02 USI 2000 | ||
| 100 | _aU S A | ||
| 110 | _aU S A | ||
| 245 |
_aAmerican History _cU S A |
||
| 260 |
_aUSA _bUSA Information Agency _c2000 |
||
| 300 |
_a407 p. _bPB |
||
| 440 | _aAmerican History | ||
| 942 |
_aNBS _cBK _k973.02 USI 2000 _2ddc |
||
| 999 |
_c344200 _d344200 |
||